00424 2200169 4500001002100000005001700021035002500038090001800063100002000081245004900101260002700150300002000177650001300197850001200210990001600222990001600238YOGYA00000000010319020150623102931.0 a0010-081400000099849 a297.577 Tha M aMuhammad Thalib aManajemen keluarga sakinahcThalib, muhammad aYogyakatabPro Uc2007 a282 hlm.c24 cm akeluarga aYOPDYOG a890-KS/B.10 a628-KS/B.09